| 000 | 01749cam a22003854i 4500 | ||
|---|---|---|---|
| 003 | PE-LiUPU | ||
| 005 | 20250731183418.0 | ||
| 008 | 150625s r 000 0 d | ||
| 035 | _a(Sirsi) a34854 | ||
| 040 |
_aPE-LiUPU _bspa _cPE-LiUPU _erda |
||
| 082 | 0 | 4 |
_a780.92 _bC / R39b _221 |
| 100 | 1 |
_aRemy, Yves, _eautor. |
|
| 245 | 1 | 0 |
_aBrahms / _cYves y Ada Remy ; traducción del francés por Felipe Ximénez de Sandoval. |
| 250 | _a2a | ||
| 264 | 1 |
_aMadrid : _bEspasa-Calpe, _c1981. |
|
| 300 |
_a158 páginas ; _c16 cm. |
||
| 336 |
_atext _2rdacontent |
||
| 337 |
_aunmediated _2rdamedia |
||
| 338 |
_avolume _2rdacarrier |
||
| 505 | 0 | _aNacimiento De Un Destino. -A La Conquista De Alemania. -"Les Éste Quien Debía Venir?" (Robert Schu Mann). -Una Música Extraña Y Mortal. -Profesión Honorable: Músico. -En Viena, Corazón De La Música. -El Músico Más Grande De Su Tiempo. -Bach, Beethoven.. Y Brahms. -Una Silueta Que Entra En La Leyend. -50 Años: Un Solterón Cada Vez Más Inquieto. -Los Acentos De Un Clarinete. -Mt Alma Busca Un Final Apacible. | |
| 526 | _aP158 | ||
| 526 | _aP146 | ||
| 526 | _aP17 | ||
| 526 | _aP12 | ||
| 526 | _aP06 | ||
| 600 | 1 |
_aBrahms, Johannes. _d1833-1897 |
|
| 700 | 1 |
_aRémy, Ada, _ecol. |
|
| 700 | 1 |
_aXiménez de Sandoval, Felipe1903-1978, _etraductor. |
|
| 910 | _a | ||
| 942 |
_2ddc _cBOOK |
||
| 949 |
_a780.92 C / R39b _wDEWEY _c1 _i23128 _lCCODEBUL1 _mBUL _p00.00 _r0 _sY _tBOOK _u2015-06-25 _xBIBLIOTECA _zUNKNOWN _0COMPRA _o.STAFF. Colección General |
||
| 596 | _a1 | ||
| 999 |
_a780.92 C / R39B _wDEWEY _c42756 _i23128 _f2021-11-9 _g5 _lCCODEBUL1 _mBUL _r0 _sY _tBOOK _u2015-6-25 _xEDUCACION _zUNKNOWN _0COMPRA _o.STAFF. Colección General _d42756 |
||
| 980 |
_81 _gALBERTO SANCHEZ Responsable de Automatización |
||